Statistics for Countries with the most Homeownership

Click here to take the quiz!

General Stats

  • This quiz has been taken 16 times
  • The average score is 6 of 10

Answer Stats

RankOwnership %Answer% Correct
#196.4Romania
73%
#984Russia
73%
#1083.5Poland
67%
#390.3Slovakia
67%
#886.3Hungary
60%
#589.7Croatia
53%
#290.8Singapore
53%
#786.6India
47%
#689.4Lithuania
40%
#490Cuba
33%

Score Distribution

Percentile by Number Answered

Percent of People with Each Score

Your Score History

You have not taken this quiz